Justicia de papel Reformas disruptivas al sistema de justicia /

Bibliographic Details
Main Author: Nę︢z del Prado, Fabio
Other Authors: Ghersi Murillo, Lucas
Format: eBook
Language:Spanish
Published: Lima: Palestra Editores, 2021
Subjects:
Online Access:Acceso restringido

MARC

LEADER 00000nam a22000007a 4500
005 20220822230013.0
007 cr|||| ||||
008 220822s2021 pe |||||s|||| 00||0 spa d
020 |a 9786123251574 
035 |a 36921 
040 |a vLex 
090 |c 13777  |d 13777 
100 1 |a Nę︢z del Prado, Fabio 
245 1 0 |a Justicia de papel  |h [Recurso electrn̤ico] :  |b Reformas disruptivas al sistema de justicia /  |c Fabio Nę︢z del Prado, Lucas Ghersi Murillo 
256 |a Servicio en ln̕ea 
260 |a Lima:  |b Palestra Editores,  |c 2021 
300 |a 1 recurso electrn̤ico 
500 |a “El libro que se me hace el enorme honor de prologar rompe radicalmente con el modo como tradicionalmente se ha pretendido dar soluciones a los problemas de nuestro sistema de justicia. En primer třmino, porque las propuesta se realizan desde distintas aproximaciones, pero tambiň, desde distintas plataformas de observacin̤ de los problemas. En ello, el libro brinda un conjunto de propuestas sistm̌icas para resolver los problemas del sistema de justicia. Ya en esto el libro es ‘disruptivo’, pero las propuestas que plantea tambiň lo son. En segundo lugar, porque el libro recoge una serie de trabajos que suponen una mirada crt̕ica con soluciones inteligentes y creativas, propias de inteligencias jv̤enes e innovadoras, pero conocedoras de los problemas que aborda y de las materias desde las cuales se presentan las propuestas. En tercer lugar, porque se proponen soluciones desde ‘fuera de la caja’. La lectura de los diversos trabajos que incluye el libro me ha dejado la duda acerca de qu ̌significa ‘fuera de la caja’. Una primera respuesta podra̕ ser, ms̀ all ̀de la ley o, incluso, a pesar de la ley. En esa perspectiva, se plantea una crt̕ica a diversos temas que son regulados en las normas, o se proponen otros no previstos. Una segunda respuesta, podra̕ ser que los diversos trabajos proponen una mirada innovadora, en el sentido que se proponen soluciones que escapan de las tradicionales soluciones derivadas de los miles de diagns̤ticos que luego de costosas consultora̕s se han formulado para reformar el sistema de justicia en los l︢timos 30 aǫs en el pas̕. Pero una tercera respuesta, podra̕ ser, que los trabajos que aparecen en este libro suponen un maravilloso ejemplo de ejercicio de la libertad acadm̌ica aquella, que como toda libertad, se ejerce con responsabilidad. La responsabilidad viene dada por los estudios y la reflexin̤ profunda que preceden a los trabajos, y la libertad en el modo como se elige el tema, se procesa la informacin̤ para proponer soluciones y el mťodo como se enfrentan los problemas y se relacionan con el sistema de justicia”. 
506 1 |a Disponible solo en los productos indicados  |d vLex Global  |d vLex Global (Academic Edition, excluding Law Schools)  |d vLex Global (U.S. Academic Edition, Law Schools)  |d vLex Global (U.S. Academic Edition, excluding Law Schools)  |d vLex Global (Academic Edition, Law Schools) 
650 0 4 |a Derecho Constitucional  |z Per︢ 
700 1 |a Ghersi Murillo, Lucas 
740 0 |a vLex Libros (Servicio en ln̕ea) 
856 4 0 |u https://app.vlex.com/#/sources/36921  |z Acceso restringido 
942 |c BOOK 
999 0 |a Constitutional right